Mechanics of materials / (Record no. 21296)
[ view plain ]
| 000 -LEADER | |
|---|---|
| fixed length control field | 01084cam a22003135a 4500 |
| 001 - CONTROL NUMBER | |
| control field | 016535746 |
| 003 - CONTROL NUMBER IDENTIFIER | |
| control field | OSt |
| 005 - DATE AND TIME OF LATEST TRANSACTION | |
| control field | 20201128023649.0 |
| 008 - FIXED-LENGTH DATA ELEMENTS--GENERAL INFORMATION | |
| fixed length control field | 131202t2014 si a frb 001 0 eng d |
| 020 ## - INTERNATIONAL STANDARD BOOK NUMBER | |
| International Standard Book Number | 9789810694364 (paperback) |
| 040 ## - CATALOGING SOURCE | |
| Original cataloging agency | StDuBDS |
| Language of cataloging | eng |
| Transcribing agency | StDuBDS |
| Modifying agency | Uk |
| -- | EG-ScBUE |
| 082 04 - DEWEY DECIMAL CLASSIFICATION NUMBER | |
| Classification number | 620.112 |
| Edition number | 22 |
| Item number | HIB |
| 100 1# - MAIN ENTRY--PERSONAL NAME | |
| Personal name | Hibbeler, R. C. |
| 9 (RLIN) | 10021 |
| 245 10 - TITLE STATEMENT | |
| Title | Mechanics of materials / |
| Statement of responsibility, etc | R. C. Hibbeler. |
| 250 ## - EDITION STATEMENT | |
| Edition statement | 9th ed. / SI ed. / World Wide adaptation ed. / |
| Remainder of edition statement | contributions by K.S. Vijay Sekar. |
| 260 ## - PUBLICATION, DISTRIBUTION, ETC. (IMPRINT) | |
| Place of publication, distribution, etc | Singapore : |
| Name of publisher, distributor, etc | Pearson Education South Asia Pte Ltd., |
| Date of publication, distribution, etc | c.2014. |
| 300 ## - PHYSICAL DESCRIPTION | |
| Extent | xix, 879 p. : |
| Other physical details | ill. (col.) ; |
| Dimensions | 24 cm. |
| 500 ## - GENERAL NOTE | |
| General note | Includes Internet access. |
| 500 ## - GENERAL NOTE | |
| General note | Index : p. 866-879. |
| 504 ## - BIBLIOGRAPHY, ETC. NOTE | |
| Bibliography, etc | Includes bibliographical references. |
| 650 #7 - SUBJECT ADDED ENTRY--TOPICAL TERM | |
| Topical term or geographic name as entry element | Materials. |
| Source of heading or term | BUEsh |
| 9 (RLIN) | 1256 |
| 650 #7 - SUBJECT ADDED ENTRY--TOPICAL TERM | |
| Topical term or geographic name as entry element | Mechanics, Applied. |
| Source of heading or term | BUEsh |
| 9 (RLIN) | 2049 |
| 650 #7 - SUBJECT ADDED ENTRY--TOPICAL TERM | |
| Topical term or geographic name as entry element | Strength of materials. |
| Source of heading or term | BUEsh |
| 9 (RLIN) | 10669 |
| 650 #0 - SUBJECT ADDED ENTRY--TOPICAL TERM | |
| Topical term or geographic name as entry element | Structural analysis (Engineering) |
| Source of heading or term | BUEsh |
| 651 ## - SUBJECT ADDED ENTRY--GEOGRAPHIC NAME | |
| Source of heading or term | BUEsh |
| 653 ## - INDEX TERM--UNCONTROLLED | |
| Resource For college | Engineering, Mechanical |
| Arrived date list | March2016 |
| 700 1# - ADDED ENTRY--PERSONAL NAME | |
| Personal name | Sekar, K. S. Vijay, |
| Relator term | contributor. |
| 942 ## - ADDED ENTRY ELEMENTS (KOHA) | |
| Source of classification or shelving scheme | Dewey Decimal Classification |
| Withdrawn status | Item status | Source of classification or shelving scheme | Damaged status | Not for loan | Vendor | Home library | Current library | Shelving location | Date acquired | Source of acquisition | Total Checkouts | Full call number | Barcode | Date last seen | Koha item type | Total Renewals | Date last borrowed | Materials specified (bound volume or other part) |
|---|---|---|---|---|---|---|---|---|---|---|---|---|---|---|---|---|---|---|
| Dewey Decimal Classification | Baccah | Central Library | Central Library | First floor | 01/03/2016 | Purchase | 620.112 HIB | 000031795 | 15/07/2025 | NB - Book (Non borrowing) | ||||||||
| Dewey Decimal Classification | Baccah | Central Library | Central Library | First floor | 01/03/2016 | Purchase | 4 | 620.112 HIB | 000031796 | 15/07/2025 | Book - Borrowing | 19 | 02/12/2019 | |||||
| Dewey Decimal Classification | Baccah | Central Library | Central Library | First floor | 01/03/2016 | Purchase | 2 | 620.112 HIB | 000031797 | 15/07/2025 | Book - Borrowing | 17 | 27/04/2021 | |||||
| Dewey Decimal Classification | Baccah | Central Library | Central Library | First floor | 01/03/2016 | Purchase | 3 | 620.112 HIB | 000031798 | 15/07/2025 | Book - Borrowing | 39 | 20/10/2021 | |||||
| Dewey Decimal Classification | Baccah | Central Library | Central Library | First floor | 01/03/2016 | Purchase | 2 | 620.112 HIB | 000031799 | 15/07/2025 | Book - Borrowing | 21 | 29/09/2019 | |||||
| Dewey Decimal Classification | Baccah | Central Library | Central Library | First floor | 01/03/2016 | Purchase | 3 | 620.112 HIB | 000031800 | 15/07/2025 | Book - Borrowing | 35 | 27/04/2021 | |||||
| Dewey Decimal Classification | Baccah | Central Library | Central Library | First floor | 01/03/2016 | Purchase | 4 | 620.112 HIB | 000031801 | 15/07/2025 | Book - Borrowing | 19 | 22/09/2019 | |||||
| Dewey Decimal Classification | Baccah | Central Library | Central Library | First floor | 01/03/2016 | Purchase | 5 | 620.112 HIB | 000031802 | 15/07/2025 | Book - Borrowing | 38 | 22/09/2019 | |||||
| Lost | Dewey Decimal Classification | Baccah | Central Library | Central Library | First floor | 01/03/2016 | Purchase | 620.112 HIB | 000031803 | 23/08/2016 | Book - Borrowing | Lost In Inventory_2017-8-25 | ||||||
| Dewey Decimal Classification | Baccah | Central Library | Central Library | First floor | 01/03/2016 | Purchase | 6 | 620.112 HIB | 000031804 | 15/07/2025 | Book - Borrowing | 60 | 27/04/2021 |